A quelle famille de couleur appartient cette teinte ? - Statistiques

Statistiques générales
  • Ce quiz a été pris 236 fois
  • Le résultat moyen est 82 sur 150
Statistiques - réponses
Couleur Famille % Correct
Cacao Marron
99%
Or Jaune
95%
Argent Gris
92%
Pomme Vert
92%
Indigo Bleu
89%
Cyan Bleu
88%
Lilas Violet
88%
Acier Gris
85%
Canari Jaune
84%
Olive Vert
84%
Citron Jaune
83%
Grenat Rouge
82%
Sang Rouge
82%
Tomate Rouge
80%
Ciel Bleu
78%
Fer Gris
78%
Abricot Orange
77%
Ecarlate Rouge
77%
Prairie Vert
77%
Noisette Marron
76%
Tilleul Vert
76%
Améthyste Violet
76%
Cuivre Marron
75%
Carotte Orange
75%
Acajou Marron
74%
Maïs Jaune
73%
Sauge Vert
73%
Turquoise Bleu
72%
Terre d'ombre Marron
72%
Lime Vert
72%
Pistache Vert
72%
Souris Gris
71%
Chocolat Marron
71%
Sanguine Rouge
71%
Emeraude Vert
71%
Roi Bleu
70%
Café Marron
70%
Citrouille Orange
70%
Mandarine Orange
70%
Fraise Rouge
70%
Epinard Vert
70%
Avocat Vert
70%
Bouton d'or Jaune
69%
Saumon Orange
69%
Rouille Orange
69%
Magenta Rose
69%
Rubis Rouge
69%
Menthe Vert
69%
Prune Violet
69%
Aubergine Violet
69%
Azur Bleu
68%
Blé Jaune
68%
Moutarde Jaune
68%
Cerise Rouge
68%
Sapin Vert
68%
Ecru Blanc
67%
Framboise Rose
67%
Carmin Rouge
67%
Pourpre Rouge
67%
Groseille Rouge
67%
Feu Rouge
67%
Grenadine Rouge
67%
Mauve Violet
67%
Beurre Jaune
66%
Caramel Marron
66%
Vanille Jaune
65%
Poireau Vert
65%
Aigue-marine Bleu
64%
Cannelle Marron
64%
Canard Bleu
63%
Paille Jaune
63%
Brique Rouge
63%
Outremer Bleu
62%
Brou de noix Marron
61%
Corail Orange
61%
Caca d'oie Vert
60%
Bouteille Vert
59%
Topaze Jaune
58%
Tabac Marron
58%
Printemps Vert
58%
Cassé Blanc
57%
Mimosa Jaune
57%
Vermillon Rouge
57%
Lapis-Lazuli Bleu
56%
Poil de chameau Marron
56%
Orchidée Rose
56%
Vermeil Rouge
56%
Pervenche Bleu
54%
Lavande Bleu
53%
Céladon Vert
52%
Parme Violet
52%
Lin Blanc
51%
Lie de vin Rouge
51%
Cuisse de nymphe Rose
50%
Cramoisi Rouge
50%
Lichen Vert
50%
Cobalt Bleu
49%
Sable Beige
48%
Amande Vert
46%
Perle Gris
43%
Soufre Jaune
42%
Cardinal Rouge
41%
Chartreuse Vert
41%
Glycine Violet
40%
Sépia Marron
39%
Véronèse Vert
39%
Nankin Jaune
38%
Chaudron Marron
38%
Eveque Violet
35%
Malachite Vert
34%
Turquin Bleu
33%
Impérial Jaune
33%
Amarante Rouge
33%
Puce Marron
32%
Cobalt Jaune
31%
Capucine Orange
31%
Safre Bleu
30%
Garance Rouge
30%
Sarcelle Bleu
29%
Mars Jaune
28%
Naples Jaune
28%
Nacarat Orange
28%
Hooker Vert
28%
Glauque Vert
28%
Smalt Bleu
27%
Vessie Vert
27%
Viride Vert
27%
Oxyde de chrome Vert
27%
Payne Gris
26%
Chamois Beige
25%
Andrinople Rouge
25%
Zinzolin Rouge
25%
Cinabre Rouge
24%
Prasin Vert
24%
Ponceau Rouge
23%
Tourterelle Beige
22%
Grège Beige
22%
Mountbatten Gris
22%
Flave Jaune
22%
Charrette Bleu
21%
Coquille d'oeuf Rose
21%
Guignet Vert
21%
Falun Rouge
20%
Gueules Rouge
20%
Sinople Vert
20%
Lavallière Marron
19%
Héliotrope Violet
18%
Mastic Beige
17%
Colombin Beige
13%
Bistre Brun
10%
Aucun quiz correspondant
Distribution des résultats
% des personnes avec chaque résultat
Percentile par nombre de réponses
Votre historique - résultats
Vous n’avez pas pris ce quiz